[Event "Condigne Dutch Open 2016"]
[Site "dieren"]
[Date "2016.08.03"]
[Round "8"]
[White "Geurink, Jasper"]
[Black "Beukema, Stefan"]
[Result "1/2-1/2"]
[WhiteElo "2359"]
[BlackElo "2355"]
[PlyCount "42"]
[EventDate "2016.07.27"]
[EventCountry "NED"]
[TimeControl "6000+1265"]
[WhiteClock "0:31:51"]
[BlackClock "0:23:44"]

1. e4 e5 2. Nf3 Nc6 3. Bc4 Bc5 4. c3 Nf6 5. d3 a6 6. Bb3 Ba7 7. h3 d6 8. Nbd2
h6 9. Nc4 Be6 10. Qe2 Qd7 11. Bc2 O-O-O 12. a4 g5 13. Be3 Bxe3 14. fxe3 Bxc4
15. dxc4 Ne7 16. Nd2 h5 17. g3 c5 18. O-O-O Nc6 19. b3 Ne8 20. Kb2 f6 21. Rdf1
Rh6 1/2-1/2

[Event "Condigne Dutch Open 2016"]
[Site "dieren"]
[Date "2016.08.03"]
[Round "8"]
[White "Evengroen, Henk-Jan"]
[Black "Hausrath, Daniel"]
[Result "0-1"]
[WhiteElo "2179"]
[BlackElo "2483"]
[PlyCount "42"]
[EventDate "2016.07.27"]
[EventCountry "NED"]
[TimeControl "6000+1200"]
[WhiteClock "0:07:19"]
[BlackClock "0:23:10"]

1. d4 g6 2. c4 Bg7 3. Nc3 c5 4. d5 f5 5. e4 Bxc3+ 6. bxc3 fxe4 7. h4 d6 8. h5
Qa5 9. Bd2 gxh5 10. Qxh5+ Kd8 11. Rh4 Nf6 12. Qh6 Rg8 13. f3 Bf5 14. Rf4 Bg6
15. fxe4 Nbd7 16. Qh4 Qa3 17. g3 Kc7 18. Bh3 Qb2 19. Rc1 Ne5 20. Bf1 Rae8 21.
Nh3 Nxe4 0-1

[Event "Condigne Dutch Open 2016"]
[Site "dieren"]
[Date "2016.08.03"]
[Round "8"]
[White "Milov, Leonid"]
[Black "Maddens, Martijn"]
[Result "1-0"]
[WhiteElo "2430"]
[BlackElo "2126"]
[PlyCount "41"]
[EventDate "2016.07.27"]
[EventCountry "NED"]

1. e4 c5 2. Nf3 d6 3. d4 cxd4 4. Nxd4 Nf6 5. Nc3 a6 6. Bg5 Nbd7 7. Qe2 h6 8.
Bh4 g6 9. f4 e5 10. Nf3 Be7 11. O-O-O Qc7 12. g3 b5 13. Nd5 Nxd5 14. exd5 Bxh4
15. gxh4 O-O 16. h5 exf4 17. hxg6 fxg6 18. Rg1 Kg7 19. Qe7+ Rf7 20. Rxg6+ Kxg6
21. Bd3+ 1-0

[Event "Condigne Dutch Open 2016"]
[Site "dieren"]
[Date "2016.08.03"]
[Round "8"]
[White "Hendriks, Willy"]
[Black "Sahil, Tickoo"]
[Result "1-0"]
[WhiteElo "2407"]
[BlackElo "2016"]
[PlyCount "135"]
[EventDate "2016.07.27"]
[EventCountry "NED"]

1. e4 c5 2. Nf3 d6 3. Bc4 e6 4. O-O Nf6 5. Re1 Nc6 6. Bb3 Be7 7. c3 O-O 8. d4
cxd4 9. cxd4 d5 10. e5 Ne4 11. Nc3 Nxc3 12. bxc3 f6 13. exf6 Bxf6 14. Qd3 Bd7
15. Bc2 g6 16. Bh6 Bg7 17. Bxg7 Kxg7 18. Ba4 Na5 19. Bxd7 Qxd7 20. Ng5 Rf6 21.
Qh3 Kg8 22. Rxe6 Rxe6 23. Qxe6+ Qxe6 24. Nxe6 Rc8 25. Rc1 Nc4 26. Nf4 Nb6 27.
h4 Kf7 28. Kf1 Ke7 29. Ke2 Kd6 30. Kd3 Na4 31. Rc2 a5 32. g3 b5 33. Ng2 Rb8 34.
Ne3 Nb6 35. Rc1 Nc4 36. h5 Rf8 37. hxg6 hxg6 38. Ke2 Nxe3 39. Kxe3 Re8+ 40. Kd3
Rf8 41. Rc2 Rf3+ 42. Ke2 Rf8 43. Rb2 Kc6 44. f4 Ra8 45. Kf3 b4 46. cxb4 axb4
47. Rxb4 Rxa2 48. Kg4 Ra3 49. Rb8 Rd3 50. Rg8 Rxd4 51. Rxg6+ Kc5 52. Rg8 Kd6
53. Kf5 Rd1 54. g4 d4 55. Kf6 Kd7 56. Rg5 Kd6 57. Re5 d3 58. Re8 Kc7 59. Re3
Rf1 60. Rxd3 Rxf4+ 61. Kg5 Rf8 62. Kh6 Rh8+ 63. Kg7 Rh4 64. g5 Rf4 65. g6 Rf2
66. Kg8 Rg2 67. g7 Rf2 68. Rh3 1-0

[Event "Condigne Dutch Open 2016"]
[Site "dieren"]
[Date "2016.08.03"]
[Round "8"]
[White "Heemskerk, Wim"]
[Black "Schoppen, Casper"]
[Result "1/2-1/2"]
[WhiteElo "2201"]
[BlackElo "2298"]
[PlyCount "121"]
[EventDate "2016.07.27"]
[EventCountry "NED"]

1. Nf3 Nf6 2. c4 e6 3. g3 b6 4. Bg2 Bb7 5. O-O c5 6. Nc3 Be7 7. b3 O-O 8. Bb2
d5 9. e3 Nbd7 10. cxd5 Nxd5 11. Nxd5 Bxd5 12. Qe2 Bf6 13. d4 cxd4 14. Nxd4 $11
Bxg2 15. Kxg2 Nc5 16. Rfd1 Qd5+ 17. Nf3 Qf5 18. Bxf6 Qxf6 19. Rac1 Rfd8 20.
Rxd8+ Rxd8 21. Rd1 h6 22. Rd4 Qe7 23. Qd1 Rxd4 24. Nxd4 Qd7 25. Qf3 e5 26. Nf5
Kh7 27. g4 Nd3 28. Kg1 g6 29. Ng3 Kg7 30. Qe4 Qd6 31. h4 Nc5 32. Qf3 Qf6 33.
Qxf6+ Kxf6 34. Kf1 e4 35. b4 Nd3 36. Nxe4+ Ke5 37. Nc3 Nxb4 38. f4+ Kd6 39. Ke2
Kc5 40. Kd2 Kc4 41. h5 gxh5 42. gxh5 f5 43. e4 fxe4 44. Nxe4 Nxa2 45. Nd6+ Kc5
46. Nf7 Nb4 47. Nxh6 Nd5 48. Nf7 Nxf4 49. h6 Ng6 50. h7 Kd4 51. h8=Q+ Nxh8 52.
Nxh8 b5 53. Nf7 b4 54. Kc2 a5 55. Kb3 Kc5 56. Ne5 Kb5 57. Nd3 a4+ 58. Kb2 b3
59. Kc3 b2 60. Kxb2 a3+ 61. Kxa3 1/2-1/2

[Event "Condigne Dutch Open 2016"]
[Site "dieren"]
[Date "2016.08.03"]
[Round "8"]
[White "Van Dooren, Dirk"]
[Black "Van Osch, Mees"]
[Result "1-0"]
[WhiteElo "2390"]
[BlackElo "2275"]
[PlyCount "135"]
[EventDate "2016.07.27"]
[EventCountry "NED"]

1. g3 Nf6 2. Bg2 g6 3. c4 Bg7 4. Nc3 O-O 5. Nf3 b6 6. Ne5 c6 7. d4 Bb7 8. O-O
d6 9. Nd3 d5 10. cxd5 cxd5 11. f3 Nc6 12. Be3 Ne8 13. Nf4 e5 14. dxe5 d4 15.
Ncd5 dxe3 16. e6 Nc7 17. Nxc7 Qxc7 18. Rc1 Rad8 19. Qb3 Qe5 20. exf7+ Rxf7 21.
Ne6 Na5 22. Nxd8 Nxb3 23. Nxf7 Kxf7 24. axb3 Kg8 25. Rc2 h5 26. Rd1 h4 27. Rc4
Qxb2 28. Rd8+ Bf8 29. Rf4 Qa1+ 30. Bf1 Qg7 31. Bh3 Qe7 32. Rd7 Qe5 33. Rxb7
hxg3 34. hxg3 g5 35. Rg4 Bh6 36. Bg2 Qd5 37. f4 Qd1+ 38. Kh2 Qxe2 39. Kh3 Qd2
40. fxg5 Bf8 41. Be4 e2 42. Bh7+ Kh8 43. Bg6 Bh6 44. Rh7+ Kg8 45. gxh6 e1=Q 46.
Bb1+ Kf8 47. Rh8+ Ke7 48. Rg7+ Kd6 49. Rd8+ Kc5 50. Rc7+ Kb4 51. Rxd2 Qxd2 52.
h7 Qd1 53. Rc4+ Ka3 54. Bc2 Qf1+ 55. Kh2 Qf2+ 56. Kh3 Qf1+ 57. Kg4 Qe2+ 58. Kf5
Qf2+ 59. Ke6 Qf8 60. Bf5 Kxb3 61. Rh4 Qh8 62. Kf7 a5 63. g4 a4 64. Be6+ Kc3 65.
g5 a3 66. g6 a2 67. Bxa2 Qa8 68. h8=Q+ 1-0

[Event "Condigne Dutch Open 2016"]
[Site "dieren"]
[Date "2016.08.03"]
[Round "8"]
[White "Nachbar, Benjamin"]
[Black "Maris, Ivo"]
[Result "0-1"]
[WhiteElo "2124"]
[BlackElo "2370"]
[PlyCount "104"]
[EventDate "2016.07.27"]
[EventCountry "NED"]

1. c4 g6 2. e4 Bg7 3. d4 d6 4. Nc3 Nf6 5. Nf3 O-O 6. Be2 e5 7. d5 Na6 8. h4 c6
9. Nd2 Bd7 10. h5 Rb8 11. g4 Ne8 12. Ndb1 Nac7 13. Be3 b5 14. dxc6 Bxc6 15.
cxb5 Nxb5 16. Bxb5 Bxb5 17. Nd5 Nc7 18. Nxc7 Qxc7 19. Nc3 Bc4 20. Rc1 Rxb2 21.
Nd5 Qa5+ 22. Bd2 Rxd2 23. Qxd2 Qxd2+ 24. Kxd2 Bxd5 25. h6 Bxe4 26. hxg7 Rb8 27.
Rh3 Rb2+ 28. Ke1 Rxa2 29. Rc7 Kxg7 30. g5 a5 31. Ra7 Bf5 32. Rb3 a4 33. Rb6
Ra1+ 34. Ke2 Rg1 35. Rxd6 Rxg5 36. Rxa4 Be6 37. Ra5 Kf6 38. Rc6 h5 39. Rcc5 Rf5
40. Ke3 h4 41. f3 h3 42. Ra1 Rh5 43. Kf2 Rg5 44. Rg1 Rxg1 45. Kxg1 Kf5 46. Kf2
Kf4 47. Ra5 f5 48. Ra6 Bd5 49. Rxg6 Bxf3 50. Rh6 Bg4 51. Rh8 e4 52. Re8 Bf3 0-1

[Event "Condigne Dutch Open 2016"]
[Site "dieren"]
[Date "2016.08.03"]
[Round "8"]
[White "Keetman, Maaike"]
[Black "Van Foreest, Lucas"]
[Result "1/2-1/2"]
[WhiteElo "2057"]
[BlackElo "2367"]
[PlyCount "42"]
[EventDate "2016.07.27"]
[EventCountry "NED"]

1. e4 c5 2. Nf3 d6 3. d4 cxd4 4. Nxd4 Nf6 5. Nc3 a6 6. Be3 e6 7. f3 b5 8. Qd2
b4 9. Na4 Nbd7 10. g4 h6 11. h4 d5 12. Bh3 e5 13. Nc6 Qc7 14. exd5 Nxd5 15.
Qxd5 Bb7 16. g5 Bxc6 17. Bxd7+ Qxd7 18. Qxe5+ Qe7 19. Qxe7+ Bxe7 20. Nb6 Rb8
21. Kf2 O-O 1/2-1/2

[Event "Condigne Dutch Open 2016"]
[Site "dieren"]
[Date "2016.08.03"]
[Round "8"]
[White "Kollen, Zyon"]
[Black "Ratsma, Midas"]
[Result "1-0"]
[WhiteElo "2310"]
[BlackElo "2171"]
[PlyCount "49"]
[EventDate "2016.07.27"]
[EventCountry "NED"]

1. e4 e6 2. d4 d5 3. Nc3 Bb4 4. e5 Ne7 5. a3 Bxc3+ 6. bxc3 b6 7. Qg4 Ng6 8. h4
h5 9. Qg3 Ba6 10. Ne2 Qd7 11. Nf4 Nxf4 12. Bxf4 g6 13. Bxa6 Nxa6 14. Bg5 Qa4
15. Qf3 Qxc2 16. O-O Qf5 17. Qe2 Nb8 18. Qb5+ c6 19. Qb4 f6 20. exf6 Rh7 21.
Rae1 c5 22. Qb5+ Rd7 23. Re5 Qg4 24. f3 Qg3 25. Rxe6+ 1-0

[Event "Condigne Dutch Open 2016"]
[Site "dieren"]
[Date "2016.08.03"]
[Round "8"]
[White "Lecomte, Robin"]
[Black "Bhattacharjee, Sourav"]
[Result "1/2-1/2"]
[WhiteElo "2288"]
[BlackElo "2065"]
[PlyCount "118"]
[EventDate "2016.07.27"]
[EventCountry "NED"]

1. c4 Nf6 2. Nc3 g6 3. g3 Bg7 4. Bg2 O-O 5. e3 d6 6. Nge2 c5 7. O-O Nc6 8. d4
Bd7 9. b3 Rb8 10. Bb2 a6 11. Qd2 b6 12. Rfd1 Qc8 13. Nd5 Nxd5 14. cxd5 Na5 15.
Bc3 Nb7 16. dxc5 bxc5 17. Bxg7 Kxg7 18. Qc3+ Kg8 19. h4 h5 20. Nf4 Qc7 21. Qd3
Bb5 22. Qc2 Kh8 23. Be4 Rg8 24. Qc3+ Kh7 25. f3 Qa5 26. Qb2 c4 27. b4 Qb6 28.
Kf2 Ba4 29. Rdc1 Nc5 30. Rxc4 Nxe4+ 31. Rxe4 Rgc8 32. Rc1 Qb7 33. Rec4 Rxc4 34.
Rxc4 a5 35. a3 Bb5 36. Rd4 a4 37. Rd1 Rc8 38. Rc1 Rc7 39. Ke1 Qc8 40. Kd2 Rc4
41. Rc3 Qa6 42. Qc2 Rxc3 43. Qxc3 Bc4 44. Qd4 Bb3 45. Qd3 Qc8 46. g4 hxg4 47.
h5 gxf3 48. hxg6+ Kg7 49. gxf7 Qg4 50. Ne6+ Kxf7 51. Qh7+ Kf6 52. Qh8+ Kf5 53.
Qh7+ Ke5 54. Nf4 Qg5 55. Qf7 Qf6 56. Qh5+ Ke4 57. Qh7+ Ke5 58. Qh5+ Ke4 59.
Qh7+ Ke5 1/2-1/2

[Event "Condigne Dutch Open 2016"]
[Site "dieren"]
[Date "2016.08.03"]
[Round "8"]
[White "Kiremitciyan, Ari"]
[Black "Van Meegen, Ruud"]
[Result "1/2-1/2"]
[WhiteElo "2071"]
[BlackElo "2201"]
[PlyCount "37"]
[EventDate "2016.07.27"]
[EventCountry "NED"]

1. Nf3 c5 2. c4 Nc6 3. d4 cxd4 4. Nxd4 e6 5. Nc2 d5 6. e3 Nf6 7. Nc3 Be7 8. Be2
O-O 9. O-O dxc4 10. Bxc4 Qc7 11. Qe2 a6 12. a4 Rd8 13. Ba2 b6 14. e4 Bb7 15.
Be3 Ne5 16. f3 Bc5 17. Rfd1 Qe7 18. Nd4 Nc6 19. Nxc6 1/2-1/2

[Event "Condigne Dutch Open 2016"]
[Site "dieren"]
[Date "2016.08.03"]
[Round "8"]
[White "Schippers, Maurice"]
[Black "Boersma, Jan"]
[Result "1-0"]
[WhiteElo "2220"]
[BlackElo "2094"]
[PlyCount "139"]
[EventDate "2016.07.27"]
[EventCountry "NED"]

1. e4 c5 2. Nf3 g6 3. d4 cxd4 4. Nxd4 Nc6 5. c4 Nf6 6. Nc3 d6 7. Be2 Nxd4 8.
Qxd4 Bg7 9. Be3 O-O 10. Qd2 Nd7 11. O-O Nc5 12. f3 a5 13. Rfd1 Be6 14. Qe1 Qb6
15. Rab1 Qb4 16. Rdc1 a4 17. Nd5 Qxe1+ 18. Rxe1 Bxd5 19. exd5 Bf6 20. Kf2 Rfc8
21. Red1 h5 22. g3 Na6 $11 23. f4 Nb4 24. Bd2 Na6 25. Kf3 Nc5 26. Be3 Ra6 27.
Rd2 Raa8 28. Bf1 Kf8 29. h3 Na6 $11 30. Rdd1 Nb4 31. Bd2 Na6 32. g4 hxg4+ 33.
hxg4 Nc5 34. g5 Bg7 35. Be3 Na6 36. Be2 Nb4 37. Bd2 Na6 38. Rh1 Kg8 39. Rh2 Nc5
40. Rhh1 Bd4 41. Rhd1 Bg7 42. Be3 Ra6 43. Rd2 Raa8 44. Bf1 Na6 45. Rh2 Nb4 46.
a3 Na6 47. Re1 Kf8 48. Kg4 Nc5 49. Kf3 Nb3 50. Rd1 Kg8 51. Kg4 Nc5 52. Kf3 Nb3
53. Rg2 Kf8 54. f5 Be5 55. Bd3 Kg7 56. Rh1 Rh8 57. Rh6 gxf5 58. Bxf5 Nd4+ 59.
Kg4 Nxf5 60. Kxf5 Rac8 61. c5 Rce8 62. Rxh8 Rxh8 63. Rc2 Kf8 64. g6 Rh5+ 65.
Kg4 fxg6 66. c6 bxc6 67. dxc6 d5 68. Bf4 Rh4+ 69. Kxh4 Bxf4 70. c7 1-0

[Event "Condigne Dutch Open 2016"]
[Site "dieren"]
[Date "2016.08.03"]
[Round "8"]
[White "Van der Zon, Stef"]
[Black "Vos, Tjark"]
[Result "1-0"]
[WhiteElo "2057"]
[BlackElo "2156"]
[PlyCount "59"]
[EventDate "2016.07.27"]
[EventCountry "NED"]

1. e4 e5 2. Nf3 Nc6 3. Bb5 a6 4. Ba4 Nf6 5. O-O Be7 6. Re1 b5 7. Bb3 O-O 8. d3
d6 9. c3 Na5 10. Bc2 c5 11. Nbd2 Re8 12. Nf1 Bf8 13. Ng3 g6 14. d4 Qc7 15. d5
c4 16. Nh4 Nb7 17. h3 Qd8 18. a4 Bd7 19. axb5 axb5 20. Rxa8 Qxa8 21. f4 exf4
22. Bxf4 Nc5 23. Nf3 Qa2 24. e5 $11 dxe5 25. Bxe5 Bg7 26. Qd4 Qxb2 27. Bxf6
Bxf6 28. Rxe8+ Kg7 29. Re5 Qxc2 30. Nh5+ 1-0

[Event "Condigne Dutch Open 2016"]
[Site "dieren"]
[Date "2016.08.04"]
[Round "9"]
[White "L'Ami, Erwin"]
[Black "Reinderman, Dimitri"]
[Result "1-0"]
[WhiteElo "2606"]
[BlackElo "2584"]
[PlyCount "119"]
[EventDate "2016.07.27"]
[EventCountry "NED"]
[TimeControl "6000+1190"]
[WhiteClock "0:02:18"]
[BlackClock "0:03:51"]

1. d4 f5 2. g3 Nf6 3. Bg2 g6 4. Nf3 Bg7 5. O-O O-O 6. c4 d6 7. Nc3 c6 8. b3 Na6
9. Bb2 Qc7 10. d5 e5 11. dxe6 Bxe6 12. Ng5 Rae8 13. Nxe6 Rxe6 14. Qc2 Nc5 15.
b4 Nce4 16. e3 Nxc3 17. Bxc3 Ne4 18. Bxg7 Qxg7 19. Rad1 Rfe8 20. b5 Qe5 21.
bxc6 bxc6 22. Rd4 h5 23. Rb1 R6e7 24. Rbd1 Re6 25. Qd3 Qf6 26. Qa3 c5 27. R4d3
h4 28. Qxa7 h3 29. Bxh3 Qb2 30. Rf1 Nd2 31. Rxd2 Qxd2 32. Bg2 R6e7 33. Qa6 Kg7
34. Bd5 Rd8 35. Qb6 Rdd7 36. a4 Qa2 37. a5 Ra7 38. Qxd6 Qxa5 39. Qb8 Qc7 40.
Qg8+ Kh6 41. h4 Qe5 42. Qf8+ Qg7 43. Qc8 Rac7 44. Qd8 Qf6 45. Kg2 Rcd7 46. Qc8
Rc7 47. Qb8 Qe5 48. Rb1 Re8 49. Qb6 Rd8 50. h5 Qd6 51. hxg6 Kxg6 52. Kf3 Kg5
53. Kg2 Kg6 54. Rb5 Kf6 55. Qa5 Kg7 56. Qc3+ Kh7 57. e4 Qg6 58. Rb1 Qg5 59. Qe5
Re7 60. Rh1+ 1-0

[Event "Condigne Dutch Open 2016"]
[Site "dieren"]
[Date "2016.08.04"]
[Round "9"]
[White "Pruijssers, Roeland"]
[Black "Beerdsen, Thomas"]
[Result "1-0"]
[WhiteElo "2463"]
[BlackElo "2414"]
[PlyCount "57"]
[EventDate "2016.07.27"]
[EventCountry "NED"]
[TimeControl "6000+940"]
[WhiteClock "1:10:45"]
[BlackClock "1:20:06"]

1. e4 c5 2. Nf3 d6 3. Bb5+ Bd7 4. Bxd7+ Qxd7 5. c4 Nf6 6. Nc3 g6 7. d4 cxd4 8.
Nxd4 Bg7 9. f3 Nc6 10. Be3 O-O 11. O-O Rfc8 12. b3 a6 13. a4 e6 14. Rc1 d5 15.
Nxc6 bxc6 16. e5 Ne8 17. f4 Bf8 18. a5 Ba3 19. Rc2 Qe7 20. Na4 Rab8 21. Bb6
dxc4 22. bxc4 Qb4 23. Ra2 Nc7 24. Bc5 Qxc4 25. Rxa3 Rd8 26. Qc1 Qe4 27. Bb6 Nb5
28. Nc3 Nxc3 29. Rxc3 1-0

[Event "Condigne Dutch Open 2016"]
[Site "dieren"]
[Date "2016.08.04"]
[Round "9"]
[White "Hausrath, Daniel"]
[Black "Gerlagh, Joris"]
[Result "1-0"]
[WhiteElo "2483"]
[BlackElo "2172"]
[PlyCount "71"]
[EventDate "2016.07.27"]
[EventCountry "NED"]
[TimeControl "6000+1640"]
[WhiteClock "0:08:59"]
[BlackClock "0:08:14"]

1. Nf3 c5 2. b3 d6 3. e3 e5 4. Bb5+ Bd7 5. Bxd7+ Qxd7 6. O-O Nc6 7. c4 g6 8.
Nc3 Bg7 9. Rb1 Nge7 10. a3 f5 11. Bb2 O-O 12. d3 Rad8 13. Qc2 b6 14. Ba1 d5 15.
cxd5 Nxd5 16. Rfd1 Rfe8 17. b4 cxb4 18. axb4 Ndxb4 19. Rxb4 Nxb4 20. Qb3+ Qe6
21. Qxb4 h6 22. e4 fxe4 23. Qxe4 Kh7 24. Qe2 Qc6 25. Ne4 b5 26. Bc3 Qb6 27. Qe1
Rd5 28. h4 b4 29. Bxb4 a5 30. Bc3 a4 31. h5 a3 32. Nh4 a2 33. hxg6+ Kh8 34. Ba1
Qd8 35. Nf5 Rxd3 36. Ned6 1-0

[Event "Condigne Dutch Open 2016"]
[Site "dieren"]
[Date "2016.08.04"]
[Round "9"]
[White "Beukema, Stefan"]
[Black "Debashis, Das"]
[Result "0-1"]
[WhiteElo "2355"]
[BlackElo "2451"]
[PlyCount "108"]
[EventDate "2016.07.27"]
[EventCountry "NED"]
[TimeControl "6000+1260"]
[WhiteClock "0:17:13"]
[BlackClock "0:10:34"]

1. e4 c5 2. Nf3 d6 3. d4 cxd4 4. Nxd4 Nf6 5. Nc3 a6 6. h3 e5 7. Nde2 h5 8. g3
Nbd7 9. Bg2 Be7 10. a4 b6 11. O-O Bb7 12. Bg5 Rc8 13. Qd2 O-O 14. Rad1 Qc7 15.
Kh2 Rfe8 16. Nc1 Qd8 17. Qe2 Rc7 18. N1a2 Qc8 19. Rd2 Nxe4 20. Nxe4 Bxe4 21.
Bxe4 Bxg5 22. Rxd6 Be7 23. Rdd1 Nf6 24. Nc3 Nxe4 25. Qxe4 h4 26. Rde1 hxg3+ 27.
fxg3 Ba3 28. Re2 Bxb2 29. Nd5 Rc6 30. c3 Bxc3 31. Rc2 Rc5 32. Qf3 Qe6 33. Nxc3
Rec8 34. Rcc1 e4 35. Qe3 Qb3 36. Qxe4 Rxc3 37. Rxc3 Qb2+ 38. Qg2 Qxc3 39. Qb7
Qc2+ 40. Kh1 Qc6+ 41. Qxc6 Rxc6 42. Rb1 Kf8 43. Kg2 Ke7 44. h4 Kd6 45. h5 Ke5
46. Rb4 f6 47. Kf3 Kf5 48. g4+ Kg5 49. Kg3 Rc3+ 50. Kf2 Ra3 51. Kg2 a5 52. Rxb6
Rxa4 53. Rb7 Rxg4+ 54. Kh3 Kxh5 0-1

[Event "Condigne Dutch Open 2016"]
[Site "dieren"]
[Date "2016.08.04"]
[Round "9"]
[White "Zwirs, Nico"]
[Black "Sagar, Shah"]
[Result "1/2-1/2"]
[WhiteElo "2374"]
[BlackElo "2433"]
[PlyCount "152"]
[EventDate "2016.07.27"]
[EventCountry "NED"]
[TimeControl "6000+990"]
[WhiteClock "0:02:18"]
[BlackClock "0:06:39"]

1. e4 c6 2. d4 d5 3. e5 Bf5 4. h4 h5 5. c4 e6 6. Nc3 Ne7 7. Nge2 Bg4 8. Bg5 Qb6
9. Qd2 Nd7 10. cxd5 Nxd5 11. Nxd5 cxd5 12. Nc3 Bb4 13. Rc1 Rc8 14. a3 Bxc3 15.
bxc3 Bf5 16. c4 dxc4 17. Bxc4 O-O 18. O-O Rc6 19. Be2 Bg4 20. Rb1 Qc7 21. Bxg4
hxg4 22. Qe2 Rc4 23. Rbc1 Rc8 24. h5 b5 25. h6 g6 26. a4 a6 27. axb5 axb5 28.
Qxg4 Kh7 29. Qf3 Nb6 30. Rb1 Nd5 31. Rxb5 Rc3 32. Qg4 Rb8 33. Rxb8 Qxb8 34. Qe2
Qb6 35. Rd1 Rb3 36. Kh2 Qb7 37. Ra1 Nc3 38. Qf3 Ne4 39. Qf4 Rb2 40. Rf1 Nxg5
41. Qxg5 Qb4 42. Qf6 Qf8 43. d5 exd5 44. e6 Rb6 45. Qxf7+ Qxf7 46. exf7 Rf6 47.
Kg3 Kxh6 48. Rd1 Rxf7 49. Rxd5 Ra7 50. f4 Kg7 51. Kg4 Rb7 52. Kg5 Ra7 53. Rd6
Ra5+ 54. Kg4 Rb5 55. Rd7+ Kf6 56. Ra7 Rc5 57. Ra6+ Kf7 58. g3 Rb5 59. Kh4 Rh5+
60. Kg4 Rb5 61. Ra7+ Kf6 62. Rh7 Ra5 63. Kh4 Ra4 64. Kg4 Ra5 65. Rh8 Kg7 66.
Rd8 Kf6 67. Rd3 Rb5 68. Rc3 Ra5 69. Kf3 g5 70. Rc6+ Kf7 71. Kg4 gxf4 72. gxf4
Rb5 73. Rh6 Ra5 74. Rh5 Rxh5 75. Kxh5 Kf6 76. Kg4 Kg6 1/2-1/2

[Event "Condigne Dutch Open 2016"]
[Site "dieren"]
[Date "2016.08.04"]
[Round "9"]
[White "De Jong, Migchiel"]
[Black "Milov, Leonid"]
[Result "1/2-1/2"]
[WhiteElo "2342"]
[BlackElo "2430"]
[PlyCount "54"]
[EventDate "2016.07.27"]
[EventCountry "NED"]
[TimeControl "6000+1390"]
[WhiteClock "0:51:16"]
[BlackClock "0:05:28"]

1. d4 d5 2. Nf3 Nf6 3. c4 c6 4. Qb3 e6 5. Bf4 dxc4 6. Qxc4 b5 7. Qc2 Bb7 8. e3
Nbd7 9. Be2 a6 10. a4 Nb6 11. Nc3 Nfd5 12. O-O Nxf4 13. exf4 Be7 14. Ne5 O-O
15. Bf3 Nd5 16. Nxd5 cxd5 17. axb5 axb5 18. f5 Rxa1 19. Rxa1 exf5 20. Nc6 Bxc6
21. Qxc6 Bf6 22. Rd1 Qa5 23. Qxd5 Rd8 24. Qxf5 Rxd4 25. Qc8+ Rd8 26. Rxd8+ Qxd8
27. Qxd8+ Bxd8 1/2-1/2

[Event "Condigne Dutch Open 2016"]
[Site "dieren"]
[Date "2016.08.04"]
[Round "9"]
[White "Maatman, Nick"]
[Black "Hendriks, Willy"]
[Result "0-1"]
[WhiteElo "2314"]
[BlackElo "2407"]
[PlyCount "110"]
[EventDate "2016.07.27"]
[EventCountry "NED"]
[TimeControl "6000+1605"]
[WhiteClock "0:11:12"]
[BlackClock "0:16:21"]

1. d4 d6 2. e4 Nf6 3. Nc3 g6 4. f4 Bg7 5. Nf3 O-O 6. e5 dxe5 7. dxe5 Qxd1+ 8.
Kxd1 Nh5 9. Ke1 Nc6 10. Be3 f6 11. Bc4+ Kh8 12. exf6 Bxf6 13. Nd5 Bxb2 14. Rb1
Bg7 15. Nxc7 Nxf4 16. Nxa8 Nxg2+ 17. Ke2 Bg4 18. Bd5 Ne5 19. Rhf1 Nh4 20. Rb4
Nhxf3 21. Rxg4 Nxg4 22. Rxf3 Rxa8 23. Bg1 Rc8 24. Be6 Rxc2+ 25. Kd1 Rg2 26.
Bxa7 Nxh2 27. Rf7 Bf6 28. Rxe7 h5 29. Rxb7 Nf3 30. Rf7 Rd2+ 31. Kc1 Bb2+ 32.
Kb1 Ne5 33. Rb7 Bd4 34. Bb8 Nd3 35. Bf7 Nc5 36. Rb4 Kg7 37. Rxd4 Rxd4 38. Be5+
Kxf7 39. Bxd4 Ne6 40. Be5 g5 41. Kc2 Kg6 42. Kd3 Kf5 43. Bd6 Nf4+ 44. Ke3 h4
45. Kf2 g4 46. a4 Ke4 47. Bxf4 Kxf4 48. a5 h3 49. a6 g3+ 50. Kg1 Kf3 51. a7 h2+
52. Kh1 g2+ 53. Kxh2 Kf2 54. a8=Q g1=Q+ 55. Kh3 Qg3# 0-1

[Event "Condigne Dutch Open 2016"]
[Site "dieren"]
[Date "2016.08.04"]
[Round "9"]
[White "Kollen, Zyon"]
[Black "Van Dooren, Dirk"]
[Result "1-0"]
[WhiteElo "2310"]
[BlackElo "2390"]
[PlyCount "42"]
[EventDate "2016.07.27"]
[EventCountry "NED"]

1. d4 f5 2. Nf3 e6 3. g3 Nf6 4. Bg2 Be7 5. O-O O-O 6. c4 d6 7. Nc3 Ne4 8. Nxe4
fxe4 9. Nd2 d5 10. f3 Nc6 11. fxe4 Rxf1+ 12. Nxf1 dxc4 13. Be3 Bd7 14. b3 Na5
15. Nd2 cxb3 16. axb3 Nc6 17. Nf3 Nb4 18. Bh3 Bf6 19. Qd2 c5 20. e5 cxd4 21.
exf6 dxe3 1-0

[Event "Condigne Dutch Open 2016"]
[Site "dieren"]
[Date "2016.08.04"]
[Round "9"]
[White "Maris, Ivo"]
[Black "Heemskerk, Wim"]
[Result "1-0"]
[WhiteElo "2370"]
[BlackElo "2201"]
[PlyCount "61"]
[EventDate "2016.07.27"]
[EventCountry "NED"]

1. d4 Nf6 2. c4 e6 3. Nc3 d5 4. cxd5 exd5 5. Bg5 Nbd7 6. e3 h6 7. Bh4 Be7 8.
Bd3 O-O 9. Nge2 b6 10. O-O Bb7 11. Rc1 c5 12. Re1 a6 13. dxc5 bxc5 14. Na4 Qa5
15. a3 Bc6 16. Nxc5 Nxc5 17. b4 Qxa3 18. bxc5 Rfb8 19. Nd4 Ba4 20. Qe2 Rb2 21.
Qf1 Bxc5 22. Bxf6 gxf6 23. Nf5 Bf8 24. g3 Rd2 25. Bb1 Qb2 26. Rc7 Bc2 27. Rxc2
Rxc2 28. Qd3 Bb4 29. Bxc2 Bxe1 30. Nxh6+ Kf8 31. Qxd5 1-0

[Event "Condigne Dutch Open 2016"]
[Site "dieren"]
[Date "2016.08.04"]
[Round "9"]
[White "Schoppen, Casper"]
[Black "Geurink, Jasper"]
[Result "0-1"]
[WhiteElo "2298"]
[BlackElo "2359"]
[PlyCount "152"]
[EventDate "2016.07.27"]
[EventCountry "NED"]

1. d4 e6 2. Nf3 f5 3. d5 exd5 4. Qxd5 d6 5. Nc3 Nf6 6. Qd3 Be7 7. Bf4 Na6 8. e3
Nc5 9. Qd1 c6 10. Nd4 O-O 11. Be2 d5 12. O-O a5 13. a3 Kh8 14. Bd3 Nfe4 15.
Bxe4 fxe4 16. Be5 Qe8 17. Nce2 Qh5 18. Bc7 Bg4 19. h3 Bxe2 20. Qxe2 Qxe2 21.
Nxe2 Ne6 22. Be5 Rf5 23. Bc3 a4 24. Nd4 Nxd4 25. exd4 Bf6 26. Rad1 Rc8 27. Rfe1
Kg8 28. Re3 h5 29. b3 axb3 30. cxb3 Kf7 31. a4 g5 32. b4 g4 33. hxg4 hxg4 34.
Be1 Rh8 35. Rg3 Rg5 36. b5 cxb5 37. axb5 Rc8 38. Rc3 Rxc3 39. Bxc3 Rg8 40. Bb4
Ke6 41. Bc5 Ra8 42. Rc1 Ra2 43. Kf1 Rb2 44. b6 Bd8 45. g3 Bxb6 46. Bxb6 Rxb6
47. Rc7 Rb4 48. Ke2 b5 49. Rc5 Rb3 50. Rc8 Kd7 51. Rc5 Kd6 52. Rc8 Rd3 53. Rg8
Rxd4 54. Rxg4 Ra4 55. Rg8 Ke5 56. Rb8 b4 57. Rb5 Kd4 58. Rb8 Ra2+ 59. Kf1 Kc3
60. Rc8+ Kd3 61. Rb8 Ra1+ 62. Kg2 d4 63. Rxb4 Kc3 64. Rb8 d3 65. Rc8+ Kd2 66.
Re8 Ra4 67. Kf1 Kd1 68. g4 d2 69. Rc8 Ra1 70. g5 Rc1 71. Rd8 Kc2+ 72. Kg2 d1=Q
73. Rxd1 Rxd1 74. Kg3 Rg1+ 75. Kf4 Kd3 76. Kf5 Rg2 0-1

[Event "Condigne Dutch Open 2016"]
[Site "dieren"]
[Date "2016.08.04"]
[Round "9"]
[White "Van Foreest, Lucas"]
[Black "Van Mierlo, Guido"]
[Result "1-0"]
[WhiteElo "2367"]
[BlackElo "2116"]
[PlyCount "107"]
[EventDate "2016.07.27"]
[EventCountry "NED"]

1. e4 e5 2. Nf3 Nc6 3. Bc4 Nf6 4. d3 Bc5 5. c3 d6 6. Bb3 a6 7. Nbd2 Ba7 8. h3
O-O 9. Nf1 d5 10. Qe2 dxe4 11. dxe4 Qe7 12. Ng3 Be6 13. Bc2 h6 14. Nh4 Rfc8 15.
Ngf5 Qc5 16. O-O Ne7 17. Qf3 Nxf5 18. Nxf5 Bxf5 19. Qxf5 Qc6 20. a4 Qe6 21. Qf3
b5 22. Re1 c5 23. Be3 Bb6 24. Qg3 Rab8 25. axb5 axb5 26. Ra6 Ra8 27. Rea1 Rxa6
28. Rxa6 Qc6 29. Bxh6 Nh5 30. Qg5 c4 31. Qxh5 gxh6 32. Ra1 Qf6 33. Qe2 Rd8 34.
Rd1 Rxd1+ 35. Bxd1 Qf4 36. Qc2 Kf8 37. Bg4 Ke7 38. Kf1 Qf6 39. g3 Qd6 40. Ke1
b4 41. Qa4 bxc3 42. bxc3 Qc5 43. Qd7+ Kf6 44. Qf5+ Kg7 45. Bh5 Qc7 46. Kf1 Ba5
47. Bxf7 Bxc3 48. Qg6+ Kf8 49. Qxh6+ Ke7 50. Qe6+ Kf8 51. Qe8+ Kg7 52. Qg8+ Kf6
53. Bxc4 Bd2 54. Kg2 1-0